| 000 | 00575aam a2200241 4500 | ||
|---|---|---|---|
| 005 | 20250820102848.0 | ||
| 008 | 150326b xxu||||| |||| 00| 0 spa d | ||
| 020 | _a9789977678245 | ||
| 041 | _aESP | ||
| 082 | _aCR 861.44 G241b | ||
| 100 | _aGarrido Llovera, Lenin | ||
| 245 | _aBusco | ||
| 260 | _aCosta Rica | ||
| 260 | _bEUCR | ||
| 260 | _c2008 | ||
| 300 | _a112 páginas | ||
| 490 | _aTEMÁTICA GENERAL | ||
| 650 | _aTEMÁTICA GENERAL | ||
| 650 | _aPOESÍA COSTARRICENSE | ||
| 650 | _aLITERATURA COSTARRICENSE | ||
| 650 | _aCOSTA RICA | ||
| 942 |
_cLIT _2ddc |
||
| 999 |
_c3302 _d3302 |
||